[Event "msr26ss"]
[Site "?"]
[Date "2026.03.26"]
[Round "7.1"]
[White "Oruzinsky, Juraj"]
[Black "Compel, Daniel"]
[Result "0-1"]
[BlackElo "2136"]
[WhiteElo "2308"]
[LiveChessVersion "1.4.8"]

1. e4 {[%clk 0:10:03]} c5 {[%clk 0:10:02]} 2. c3 {[%clk 0:10:04]} Nf6
{[%clk 0:10:02]} 3. e5 {[%clk 0:10:05]} Nd5 {[%clk 0:10:03]} 4. Nf3
{[%clk 0:10:05]} Nc6 {[%clk 0:10:03]} 5. Bc4 {[%clk 0:10:05]} Nb6
{[%clk 0:10:04]} 6. Bb3 {[%clk 0:10:06]} c4 {[%clk 0:10:05]} 7. Bc2
{[%clk 0:10:06]} d5 {[%clk 0:10:05]} 8. exd6 {[%clk 0:10:06]} Qxd6
{[%clk 0:10:06]} 9. O-O {[%clk 0:10:06]} g6 {[%clk 0:10:06]} 10. b3
{[%clk 0:10:04]} Bg7 {[%clk 0:10:06]} 11. Na3 {[%clk 0:10:02]} Be6
{[%clk 0:09:49]} 12. Ng5 {[%clk 0:09:11]} Bd5 {[%clk 0:09:48]} 13. Ne4
{[%clk 0:08:42]} Qd8 {[%clk 0:07:45]} 14. Re1 {[%clk 0:07:32]} O-O
{[%clk 0:07:43]} 15. bxc4 {[%clk 0:07:22]} Nxc4 {[%clk 0:07:41]} 16. Nxc4
{[%clk 0:07:16]} Bxc4 {[%clk 0:07:40]} 17. d3 {[%clk 0:06:49]} Bd5
{[%clk 0:07:28]} 18. Bb2 {[%clk 0:06:41]} Qb6 {[%clk 0:06:50]} 19. Bb3
{[%clk 0:06:32]} Rfd8 {[%clk 0:06:23]} 20. d4 {[%clk 0:06:01]} Bxb3
{[%clk 0:05:13]} 21. axb3 {[%clk 0:04:56]} Rac8 {[%clk 0:05:02]} 22. Ba3
{[%clk 0:04:23]} a6 {[%clk 0:04:17]} 23. Bc5 {[%clk 0:04:05]} Qc7
{[%clk 0:04:15]} 24. Qf3 {[%clk 0:04:00]} Rd7 {[%clk 0:03:05]} 25. Rad1
{[%clk 0:03:43]} Rcd8 {[%clk 0:02:52]} 26. h4 {[%clk 0:03:40]} h5
{[%clk 0:02:43]} 27. Ng5 {[%clk 0:03:36]} Bf6 {[%clk 0:02:32]} 28. Ne4
{[%clk 0:03:04]} Bg7 {[%clk 0:02:31]} 29. Ng5 {[%clk 0:03:04]} Bf6
{[%clk 0:02:32]} 30. Ne4 {[%clk 0:03:02]} Bg7 {[%clk 0:02:24]} 31. g3
{[%clk 0:02:54]} Rd5 {[%clk 0:02:04]} 32. Ng5 {[%clk 0:02:33]} Rf5
{[%clk 0:01:29]} 33. Qe3 {[%clk 0:02:29]} e6 {[%clk 0:00:54]} 34. Ne4
{[%clk 0:01:49]} Kh7 {[%clk 0:00:48]} 35. Ba3 {[%clk 0:01:34]} Bh6
{[%clk 0:00:46]} 36. Qe2 {[%clk 0:01:29]} Ne7 {[%clk 0:00:33]} 37. Bc1
{[%clk 0:01:22]} Bg7 {[%clk 0:00:28]} 38. Bg5 {[%clk 0:01:22]} Re8
{[%clk 0:00:17]} 39. c4 {[%clk 0:01:18]} Nc6 {[%clk 0:00:13]} 40. Qe3
{[%clk 0:01:06]} Nb4 {[%clk 0:00:06]} 41. Bf4 {[%clk 0:00:58]} Qd7
{[%clk 0:00:05]} 42. Qd2 Nc6 43. Nd6 {[%clk 0:00:48]} Nxd4 {[%clk 0:00:06]} 44.
Nxf5 {[%clk 0:00:43]} Nf3+ {[%clk 0:00:07]} 45. Kg2 {[%clk 0:00:42]} Nxd2
{[%clk 0:00:07]} 46. Rxd2 {[%clk 0:00:42]} Qc6+ {[%clk 0:00:07]} 47. Kh2
{[%clk 0:00:40]} exf5 {[%clk 0:00:07]} 48. Red1 {[%clk 0:00:37]} b5
{[%clk 0:00:05]} 49. Rd7 {[%clk 0:00:34]} Qf3 {[%clk 0:00:06]} 50. Kg1
{[%clk 0:00:23]} Re2 {[%clk 0:00:05]} 51. Rf1 {[%clk 0:00:19]} bxc4
{[%clk 0:00:06]} 52. bxc4 {[%clk 0:00:19]} Kg8 {[%clk 0:00:04]} 53. Rd8+
{[%clk 0:00:20]} Kh7 {[%clk 0:00:06]} 54. Rd7 {[%clk 0:00:21]} Qe4
{[%clk 0:00:04]} 55. Rxf7 {[%clk 0:00:20]} Qxc4 {[%clk 0:00:05]} 56. Rc7
{[%clk 0:00:16]} Qe6 {[%clk 0:00:04]} 57. Ra7 {[%clk 0:00:13]} Re1
{[%clk 0:00:05]} 58. Be3 {[%clk 0:00:12]} Rxe3 {[%clk 0:00:05]} 59. fxe3
{[%clk 0:00:13]} Qxe3+ {[%clk 0:00:06]} 0-1

[Event "msr26ss"]
[Site "?"]
[Date "2026.03.26"]
[Round "7.2"]
[White "Hitka, Dominik"]
[Black "Musaev, Matej Elbek"]
[Result "0-1"]
[BlackElo "2069"]
[WhiteElo "2104"]
[LiveChessVersion "1.4.8"]

1. e4 {[%clk 0:10:01]} c5 {[%clk 0:10:04]} 2. Nc3 {[%clk 0:10:03]} d6
{[%clk 0:10:05]} 3. d4 {[%clk 0:10:04]} cxd4 {[%clk 0:10:06]} 4. Qxd4
{[%clk 0:10:05]} a6 {[%clk 0:10:04]} 5. b3 {[%clk 0:09:56]} Nc6 {[%clk 0:09:46]}
6. Qd2 {[%clk 0:09:57]} g6 {[%clk 0:09:40]} 7. Bb2 {[%clk 0:09:58]} Bg7
{[%clk 0:09:40]} 8. O-O-O {[%clk 0:09:56]} b5 {[%clk 0:09:14]} 9. Nd5
{[%clk 0:09:38]} Bxb2+ {[%clk 0:09:07]} 10. Kxb2 {[%clk 0:09:39]} Bb7
{[%clk 0:07:41]} 11. Qc3 {[%clk 0:09:01]} e5 {[%clk 0:07:33]} 12. f4 Rc8
{[%clk 0:07:16]} 13. fxe5 {[%clk 0:08:12]} dxe5 {[%clk 0:07:11]} 14. Qg3
{[%clk 0:07:55]} Nf6 {[%clk 0:06:39]} 15. Nxf6+ {[%clk 0:06:47]} Qxf6
{[%clk 0:06:36]} 16. Bd3 {[%clk 0:05:59]} O-O {[%clk 0:06:03]} 17. Nf3
{[%clk 0:05:51]} Rc7 {[%clk 0:05:09]} 18. Rhf1 {[%clk 0:05:35]} Qe7
{[%clk 0:05:05]} 19. Ng5 {[%clk 0:04:19]} Nd4 {[%clk 0:03:10]} 20. c3
{[%clk 0:03:46]} Ne6 {[%clk 0:02:39]} 21. Nf3 {[%clk 0:03:01]} f6
{[%clk 0:02:09]} 22. Qe1 {[%clk 0:02:43]} Rfc8 {[%clk 0:02:00]} 23. Rc1
{[%clk 0:02:15]} Nf4 {[%clk 0:02:01]} 24. Qe3 {[%clk 0:01:13]} Nxg2
{[%clk 0:01:57]} 25. Qf2 {[%clk 0:01:14]} Nf4 {[%clk 0:01:57]} 26. Bb1
{[%clk 0:01:15]} Rd7 {[%clk 0:01:38]} 27. Rfd1 {[%clk 0:00:56]} Rcd8
{[%clk 0:01:38]} 28. Rxd7 {[%clk 0:00:41]} Qxd7 {[%clk 0:01:39]} 29. Qb6
{[%clk 0:00:37]} Qe7 {[%clk 0:01:40]} 30. h4 {[%clk 0:00:26]} Rd3
{[%clk 0:01:23]} 31. Bxd3 {[%clk 0:00:15]} Nxd3+ {[%clk 0:01:24]} 32. Kc2
{[%clk 0:00:16]} Bxe4 {[%clk 0:01:11]} 33. Qb8+ {[%clk 0:00:16]} Kg7
{[%clk 0:01:08]} 34. Nh2 {[%clk 0:00:05]} Nxc1+ {[%clk 0:01:00]} 35. Kxc1
{[%clk 0:00:06]} Bf5 {[%clk 0:00:52]} 36. Nf3 {[%clk 0:00:05]} Qa3+
{[%clk 0:00:53]} 37. Kd1 {[%clk 0:00:04]} Qxa2 {[%clk 0:00:53]} 38. Qc7+
{[%clk 0:00:05]} Kh6 {[%clk 0:00:53]} 39. Nd2 {[%clk 0:00:04]} Qc2+
{[%clk 0:00:52]} 40. Ke1 {[%clk 0:00:05]} Qd3 {[%clk 0:00:45]} 41. Qb6 Qg3+ 42.
Kd1 {[%clk 0:00:04]} Bd3 {[%clk 0:00:32]} 43. c4 {[%clk 0:00:04]} b4
{[%clk 0:00:32]} 44. c5 {[%clk 0:00:05]} Qg1+ {[%clk 0:00:31]} 45. Nf1
{[%clk 0:00:06]} Qxf1+ {[%clk 0:00:32]} 46. Kd2 {[%clk 0:00:07]} Qe2+
{[%clk 0:00:32]} 0-1

[Event "msr26ss"]
[Site "?"]
[Date "2026.03.26"]
[Round "7.3"]
[White "Krajcirik, Matej"]
[Black "Lakota, Jan"]
[Result "0-1"]
[BlackElo "1878"]
[WhiteElo "1646"]
[LiveChessVersion "1.4.8"]

1. f4 d5 2. Nf3 Nf6 3. g3 h5 4. Bg2 c5 5. O-O Nc6 6. d3 Bg4 7. c3 Bxf3 8. Bxf3 h4
9. Qe1 Qd7 10. Kg2 hxg3 11. Qxg3 Qf5 12. Nd2 Nh5 13. Bxh5 Qxh5 14. Nf3 e6 15. e4
O-O-O 16. e5 Be7 17. Bd2 f6 18. d4 Rdg8 19. Rh1 g5 20. fxg5 fxg5 21. Raf1 g4 22.
Ne1 Bh4 23. Qf4 Bg5 24. Qf2 Qh3+ 25. Kg1 g3 26. Qg2 Qxg2+ 27. Kxg2 Bxd2 28. hxg3
Rxh1 29. Rxh1 cxd4 0-1

[Event "msr26ss"]
[Site "?"]
[Date "2026.03.26"]
[Round "7.4"]
[White "Kovarova, Zuzana"]
[Black "Jancovicova, Tamara"]
[Result "1/2-1/2"]
[BlackElo "1739"]
[WhiteElo "1607"]
[LiveChessVersion "1.4.8"]

1. d4 {[%clk 0:10:03]} d5 {[%clk 0:10:03]} 2. c4 {[%clk 0:10:04]} dxc4
{[%clk 0:10:02]} 3. e3 {[%clk 0:10:05]} Nf6 {[%clk 0:09:52]} 4. Nc3
{[%clk 0:10:06]} e6 {[%clk 0:09:49]} 5. Bxc4 {[%clk 0:10:06]} Nc6
{[%clk 0:09:46]} 6. Nf3 {[%clk 0:10:07]} Bd6 {[%clk 0:09:43]} 7. O-O
{[%clk 0:10:06]} Bd7 {[%clk 0:09:41]} 8. a3 {[%clk 0:09:52]} O-O {[%clk 0:09:40]}
9. b4 {[%clk 0:09:16]} a6 {[%clk 0:09:33]} 10. Bb2 {[%clk 0:09:10]} Ne7
{[%clk 0:09:04]} 11. Rc1 {[%clk 0:08:09]} Bc6 {[%clk 0:08:30]} 12. h3
{[%clk 0:07:38]} Ng6 {[%clk 0:07:44]} 13. Re1 {[%clk 0:07:07]} Ne4
{[%clk 0:06:39]} 14. Bd3 {[%clk 0:05:42]} Nxc3 {[%clk 0:06:24]} 15. Bxc3
{[%clk 0:04:37]} Nh4 {[%clk 0:06:06]} 16. Be2 {[%clk 0:04:04]} b5
{[%clk 0:04:19]} 17. Nxh4 {[%clk 0:03:32]} Qxh4 {[%clk 0:04:07]} 18. Bf3
{[%clk 0:03:25]} Bxf3 {[%clk 0:03:11]} 19. Qxf3 {[%clk 0:03:25]} Rfd8
{[%clk 0:02:31]} 20. Red1 {[%clk 0:03:21]} Qg5 {[%clk 0:02:15]} 21. Bb2
{[%clk 0:02:31]} Qg6 {[%clk 0:02:02]} 22. Qe2 {[%clk 0:01:40]} Qe4
{[%clk 0:01:41]} 23. Qd3 {[%clk 0:01:26]} Qh4 {[%clk 0:01:20]} 24. Qe2
{[%clk 0:01:07]} Ra7 {[%clk 0:01:00]} 25. Qf3 {[%clk 0:00:55]} Raa8
{[%clk 0:00:47]} 26. Rc2 {[%clk 0:00:54]} Rdc8 {[%clk 0:00:40]} 27. Rdc1
{[%clk 0:00:55]} Qg5 {[%clk 0:00:32]} 28. Qe4 {[%clk 0:00:50]} Qf6
{[%clk 0:00:28]} 29. d5 {[%clk 0:00:43]} exd5 {[%clk 0:00:23]} 30. Qxd5
{[%clk 0:00:32]} Qe7 {[%clk 0:00:15]} 31. Qd4 {[%clk 0:00:25]} f6
{[%clk 0:00:13]} 32. Qd5+ {[%clk 0:00:26]} Kh8 {[%clk 0:00:12]} 33. Qf3
{[%clk 0:00:26]} Qe6 {[%clk 0:00:09]} 34. Qe2 {[%clk 0:00:25]} Qd5
{[%clk 0:00:09]} 35. Qd2 {[%clk 0:00:24]} Qe4 {[%clk 0:00:09]} 36. Qe2
{[%clk 0:00:19]} Qe7 {[%clk 0:00:10]} 37. Qd3 {[%clk 0:00:19]} Qe8
{[%clk 0:00:09]} 38. Qc3 {[%clk 0:00:20]} Qe7 {[%clk 0:00:10]} 39. Qd3
{[%clk 0:00:21]} Qe8 {[%clk 0:00:11]} 40. Qc3 {[%clk 0:00:22]} 1/2-1/2

[Event "msr26ss"]
[Site "?"]
[Date "2026.03.26"]
[Round "7.5"]
[White "Skreko, Igor"]
[Black "Malaschitz, Teodor"]
[Result "1/2-1/2"]
[BlackElo "1903"]
[WhiteElo "2204"]
[LiveChessVersion "1.4.8"]

1. e4 e6 2. d3 d5 3. Nd2 c5 4. Ngf3 Nc6 5. g3 Bd6 6. Bg2 Nf6 7. O-O Qc7 8. Re1
Bd7 9. Qe2 dxe4 10. dxe4 e5 11. c3 O-O 12. Nc4 Be6 13. Nxd6 Qxd6 14. Bg5 Nd7 15.
Red1 Qc7 16. Be3 f6 17. Nd2 a6 18. Nc4 Rad8 19. Rd2 Na5 20. Nxa5 Qxa5 21. f4 Qc7
22. f5 Bf7 23. Rad1 Nb8 24. Rxd8 Rxd8 25. Rxd8+ Qxd8 26. Bxc5 Bxa2 27. Bf1 Bf7
28. Be3 b5 29. Qd2 Qc7 30. b4 Nd7 31. Kg2 Nb6 32. Bxb6 Qxb6 33. Qd7 h6 34. c4
Bxc4 35. Bxc4+ bxc4 36. Qc8+ Kh7 37. Qxc4 Qe3 38. h4 h5 39. Qd5 Qe2+ 40. Kg1 Qe1+
41. Kg2 Qxb4 42. Kf3 a5 43. Qf7 Qc3+ 44. Ke2 Qc8 45. Qxh5+ Kg8 46. Qg6 a4 47. h5
Qa6+ 48. Kd2 Qa5+ 49. Kc2 Qc5+ 50. Kd2 Qd4+ 51. Kc1 Qc3+ 52. Kd1 Qf3+ 53. Kc1
Qc3+ 54. Kd1 Qb3+ 55. Kc1 Qc4+ 56. Kd2 Qb4+ 57. Kd3 Qb3+ 58. Kd2 Qb2+ 59. Kd1
1/2-1/2

[Event "msr26ss"]
[Site "?"]
[Date "2026.03.26"]
[Round "7.6"]
[White "Havalda, Samuel"]
[Black "Novomeska, Karin"]
[Result "0-1"]
[BlackElo "2014"]
[WhiteElo "1914"]
[LiveChessVersion "1.4.8"]

1. e4 c6 2. d4 {[%clk 0:10:04]} d5 {[%clk 0:10:05]} 3. Nc3 {[%clk 0:10:06]} dxe4
{[%clk 0:10:06]} 4. Nxe4 {[%clk 0:10:07]} Bf5 {[%clk 0:10:07]} 5. Ng3
{[%clk 0:10:08]} Bg6 {[%clk 0:10:08]} 6. Nf3 {[%clk 0:10:09]} Nf6
{[%clk 0:10:09]} 7. Bc4 {[%clk 0:09:48]} e6 {[%clk 0:10:03]} 8. h4
{[%clk 0:08:56]} Nh5 {[%clk 0:09:51]} 9. Ne5 {[%clk 0:07:30]} Nxg3
{[%clk 0:09:29]} 10. fxg3 {[%clk 0:07:30]} Nd7 {[%clk 0:09:00]} 11. Qe2
{[%clk 0:07:06]} Nxe5 {[%clk 0:07:23]} 12. dxe5 {[%clk 0:07:06]} Qd4
{[%clk 0:06:40]} 13. c3 {[%clk 0:04:21]} Qe4 {[%clk 0:06:21]} 14. O-O
{[%clk 0:04:21]} Bc5+ {[%clk 0:06:19]} 15. Kh2 {[%clk 0:04:19]} O-O
{[%clk 0:05:21]} 16. Bf4 {[%clk 0:04:02]} b5 {[%clk 0:05:01]} 17. Qxe4
{[%clk 0:03:50]} Bxe4 {[%clk 0:05:01]} 18. Be2 {[%clk 0:03:41]} Rad8
{[%clk 0:04:52]} 19. Rad1 {[%clk 0:03:16]} Rd5 {[%clk 0:03:36]} 20. c4
{[%clk 0:02:30]} bxc4 {[%clk 0:03:18]} 21. Bxc4 {[%clk 0:02:31]} Rd4
{[%clk 0:03:18]} 22. Bb3 {[%clk 0:01:07]} Rfd8 {[%clk 0:02:50]} 23. Rc1
{[%clk 0:00:42]} Bb4 {[%clk 0:02:16]} 24. Rfd1 {[%clk 0:00:24]} Bd2
{[%clk 0:02:00]} 25. Rc5 {[%clk 0:00:09]} Bxf4 {[%clk 0:01:48]} 26. Rxd4
{[%clk 0:00:10]} Rxd4 {[%clk 0:01:49]} 27. gxf4 {[%clk 0:00:12]} Rd2
{[%clk 0:01:50]} 28. Rc3 {[%clk 0:00:05]} Rxg2+ {[%clk 0:01:48]} 29. Kh3
{[%clk 0:00:06]} Rxb2 {[%clk 0:01:39]} 30. Re3 {[%clk 0:00:04]} Bd5
{[%clk 0:01:24]} 31. Bxd5 {[%clk 0:00:06]} cxd5 {[%clk 0:01:23]} 32. Ra3
{[%clk 0:00:07]} Rb7 {[%clk 0:01:21]} 33. Kg4 {[%clk 0:00:09]} g6
{[%clk 0:01:20]} 34. h5 {[%clk 0:00:10]} Kg7 {[%clk 0:01:20]} 35. hxg6
{[%clk 0:00:11]} hxg6 {[%clk 0:01:09]} 36. Kg5 {[%clk 0:00:10]} Rc7
{[%clk 0:01:07]} 37. Kg4 {[%clk 0:00:08]} f6 {[%clk 0:01:05]} 38. exf6+
{[%clk 0:00:08]} Kxf6 39. Kf3 Kf5 {[%clk 0:01:04]} 40. Ke3 {[%clk 0:00:10]} Rd7
{[%clk 0:01:05]} 41. Kf3 {[%clk 0:00:11]} e5 {[%clk 0:00:58]} 42. fxe5
{[%clk 0:00:11]} Kxe5 {[%clk 0:00:59]} 43. Ke3 {[%clk 0:00:11]} d4+
{[%clk 0:00:57]} 44. Kd3 {[%clk 0:00:12]} Kf4 {[%clk 0:00:58]} 45. Ra6
{[%clk 0:00:06]} g5 {[%clk 0:00:58]} 46. Rf6+ {[%clk 0:00:07]} Kg3
{[%clk 0:00:51]} 47. Rf8 {[%clk 0:00:07]} g4 {[%clk 0:00:50]} 48. a4
{[%clk 0:00:06]} Kg2 {[%clk 0:00:46]} 49. a5 {[%clk 0:00:06]} g3 {[%clk 0:00:47]}
50. a6 {[%clk 0:00:04]} Kg1 {[%clk 0:00:44]} 51. Rg8 {[%clk 0:00:05]} g2
{[%clk 0:00:41]} 52. Rg6 {[%clk 0:00:05]} Rf7 {[%clk 0:00:33]} 53. Rg4
{[%clk 0:00:03]} Kf2 {[%clk 0:00:33]} 54. Kxd4 {[%clk 0:00:03]} g1=Q
{[%clk 0:00:30]} 55. Rxg1 {[%clk 0:00:04]} Kxg1 0-1

[Event "msr26ss"]
[Site "?"]
[Date "2026.03.26"]
[Round "7.7"]
[White "Libich, Oliver"]
[Black "Piussi, Maximilian"]
[Result "0-1"]
[BlackElo "1699"]
[WhiteElo "1985"]
[LiveChessVersion "1.4.8"]

1. d4 {[%clk 0:10:02]} e6 {[%clk 0:10:03]} 2. c4 {[%clk 0:10:02]} d5
{[%clk 0:10:03]} 3. Nc3 {[%clk 0:10:03]} Nf6 {[%clk 0:10:04]} 4. e3
{[%clk 0:10:02]} c5 {[%clk 0:10:04]} 5. Nf3 {[%clk 0:10:02]} Nc6 {[%clk 0:10:05]}
6. cxd5 {[%clk 0:09:37]} exd5 {[%clk 0:10:05]} 7. Be2 {[%clk 0:09:30]} cxd4
{[%clk 0:09:32]} 8. Nxd4 {[%clk 0:09:31]} Bc5 {[%clk 0:09:28]} 9. Nb3
{[%clk 0:08:38]} Bb6 {[%clk 0:09:28]} 10. O-O {[%clk 0:08:29]} O-O
{[%clk 0:09:27]} 11. Bf3 {[%clk 0:08:29]} Be6 {[%clk 0:09:21]} 12. Na4
{[%clk 0:08:15]} Rc8 {[%clk 0:08:59]} 13. Bd2 {[%clk 0:07:51]} d4
{[%clk 0:08:31]} 14. Nxb6 {[%clk 0:07:31]} Qxb6 {[%clk 0:08:29]} 15. exd4
{[%clk 0:07:17]} Bxb3 {[%clk 0:07:35]} 16. axb3 {[%clk 0:07:03]} Nxd4
{[%clk 0:07:33]} 17. Be3 {[%clk 0:07:03]} Rfd8 {[%clk 0:07:32]} 18. Ra4
{[%clk 0:06:44]} Nxf3+ {[%clk 0:07:32]} 19. Qxf3 {[%clk 0:06:44]} Qxb3
{[%clk 0:07:31]} 20. Rxa7 {[%clk 0:06:44]} Rd7 {[%clk 0:06:43]} 21. Qe2
{[%clk 0:05:56]} h6 {[%clk 0:06:10]} 22. Ra3 {[%clk 0:04:50]} Qc2
{[%clk 0:05:40]} 23. Qb5 {[%clk 0:04:46]} Rd1 {[%clk 0:05:33]} 24. g3
{[%clk 0:04:17]} Rcd8 {[%clk 0:04:48]} 25. Rc3 {[%clk 0:03:52]} Qe4
{[%clk 0:04:24]} 26. Rc7 {[%clk 0:03:05]} Qf3 {[%clk 0:04:11]} 27. Rc1
{[%clk 0:02:33]} Ng4 {[%clk 0:02:53]} 28. Qc4 {[%clk 0:01:56]} Rxf1+
{[%clk 0:02:30]} 29. Rxf1 {[%clk 0:01:48]} Nxe3 {[%clk 0:02:28]} 30. fxe3
{[%clk 0:01:49]} Qxe3+ {[%clk 0:02:27]} 31. Kh1 {[%clk 0:01:49]} Qe6
{[%clk 0:02:10]} 32. Qxe6 {[%clk 0:01:09]} fxe6 {[%clk 0:02:12]} 33. Rf2
{[%clk 0:01:10]} Rd5 {[%clk 0:01:56]} 34. Kg2 {[%clk 0:01:07]} Rf5
{[%clk 0:01:55]} 35. Re2 {[%clk 0:01:08]} Kf7 {[%clk 0:01:56]} 36. g4
{[%clk 0:01:05]} Rb5 {[%clk 0:01:55]} 37. h4 {[%clk 0:00:52]} h5 {[%clk 0:01:46]}
38. g5 {[%clk 0:00:46]} Rb4 {[%clk 0:01:46]} 39. Kg3 {[%clk 0:00:46]} Rg4+
{[%clk 0:01:36]} 40. Kh3 {[%clk 0:00:47]} Rd4 {[%clk 0:01:32]} 41. Re3
{[%clk 0:00:48]} Rb4 {[%clk 0:01:31]} 42. b3 {[%clk 0:00:49]} e5 {[%clk 0:01:30]}
43. Kg3 {[%clk 0:00:31]} Ke6 {[%clk 0:01:31]} 44. Rd3 {[%clk 0:00:16]} Rg4+
{[%clk 0:01:28]} 45. Kh3 {[%clk 0:00:17]} e4 {[%clk 0:01:29]} 46. Rc3
{[%clk 0:00:13]} Kd5 {[%clk 0:01:26]} 47. Rc7 {[%clk 0:00:05]} e3
{[%clk 0:01:24]} 48. Rd7+ {[%clk 0:00:05]} Kc5 {[%clk 0:01:21]} 49. Re7
{[%clk 0:00:05]} Kd4 {[%clk 0:01:20]} 50. Rd7+ {[%clk 0:00:06]} Kc3
{[%clk 0:01:21]} 51. Re7 {[%clk 0:00:04]} Kd3 {[%clk 0:01:21]} 52. Rd7+
{[%clk 0:00:03]} Rd4 {[%clk 0:01:21]} 53. Rxg7 {[%clk 0:00:04]} e2
{[%clk 0:01:20]} 54. Re7 {[%clk 0:00:03]} Re4 {[%clk 0:01:21]} 55. Rxe4
{[%clk 0:00:04]} Kxe4 {[%clk 0:01:22]} 0-1

[Event "msr26ss"]
[Site "?"]
[Date "2026.03.26"]
[Round "7.8"]
[White "Havaldova, Natalia"]
[Black "Janovsky, Samuel"]
[Result "1-0"]
[BlackElo "1825"]
[WhiteElo "1552"]
[LiveChessVersion "1.4.8"]

1. e4 {[%clk 0:10:04]} c5 {[%clk 0:10:04]} 2. Nf3 {[%clk 0:10:05]} a6
{[%clk 0:10:05]} 3. c3 {[%clk 0:09:57]} d5 {[%clk 0:10:06]} 4. d3
{[%clk 0:09:55]} dxe4 {[%clk 0:09:54]} 5. dxe4 {[%clk 0:09:56]} Qxd1+
{[%clk 0:09:55]} 6. Kxd1 {[%clk 0:09:56]} Bg4 {[%clk 0:09:57]} 7. Be2
{[%clk 0:09:57]} Nc6 {[%clk 0:09:35]} 8. Be3 {[%clk 0:09:56]} e6 {[%clk 0:09:22]}
9. Nbd2 {[%clk 0:09:49]} Nf6 {[%clk 0:09:08]} 10. Kc2 {[%clk 0:09:18]} O-O-O
{[%clk 0:09:04]} 11. Bd3 {[%clk 0:08:33]} h6 {[%clk 0:08:54]} 12. h3 Bh5
{[%clk 0:08:50]} 13. g4 {[%clk 0:08:30]} Bg6 {[%clk 0:08:51]} 14. Nc4
{[%clk 0:08:30]} Bxe4 {[%clk 0:08:00]} 15. Bxe4 {[%clk 0:08:06]} Nxe4
{[%clk 0:08:01]} 16. Nfe5 {[%clk 0:07:46]} Nxe5 {[%clk 0:06:39]} 17. Nxe5
{[%clk 0:07:15]} Nd6 {[%clk 0:04:42]} 18. Bxc5 {[%clk 0:04:59]} Ne4
{[%clk 0:03:08]} 19. Be3 Rd5 20. Nxf7 {[%clk 0:04:14]} Rg8 {[%clk 0:03:09]} 21.
Rad1 {[%clk 0:03:47]} Be7 {[%clk 0:02:28]} 22. Rxd5 {[%clk 0:03:31]} exd5
{[%clk 0:02:28]} 23. Rd1 {[%clk 0:03:32]} Rf8 {[%clk 0:02:22]} 24. Ne5
{[%clk 0:03:29]} Nxf2 {[%clk 0:02:16]} 25. Ng6 {[%clk 0:02:31]} Rf3
{[%clk 0:01:46]} 26. Nxe7+ {[%clk 0:02:27]} Kd7 {[%clk 0:01:34]} 27. Bxf2
{[%clk 0:01:26]} Rxf2+ {[%clk 0:01:35]} 28. Rd2 {[%clk 0:01:26]} Rxd2+
{[%clk 0:01:17]} 29. Kxd2 {[%clk 0:01:27]} Kxe7 {[%clk 0:01:18]} 30. Kd3
{[%clk 0:01:28]} b5 {[%clk 0:01:15]} 31. Kd4 {[%clk 0:01:29]} Ke6 32. b3
{[%clk 0:01:18]} a5 {[%clk 0:00:59]} 33. a3 {[%clk 0:01:17]} a4 {[%clk 0:00:27]}
34. b4 {[%clk 0:01:14]} g5 {[%clk 0:00:23]} 35. Kc5 {[%clk 0:01:06]} Ke5
{[%clk 0:00:15]} 36. Kxb5 {[%clk 0:01:07]} Kf4 {[%clk 0:00:16]} 37. Kxa4
{[%clk 0:01:07]} Kg3 {[%clk 0:00:17]} 38. b5 {[%clk 0:01:09]} Kxg4
{[%clk 0:00:17]} 1-0

[Event "msr26ss"]
[Site "?"]
[Date "2026.03.26"]
[Round "7.9"]
[White "Gollner, Martin"]
[Black "Elias, David"]
[Result "1-0"]
[BlackElo "2284"]
[WhiteElo "2196"]
[LiveChessVersion "1.4.8"]

1. d4 {[%clk 0:10:03]} d5 {[%clk 0:10:03]} 2. c4 {[%clk 0:10:04]} e6
{[%clk 0:10:04]} 3. Nc3 {[%clk 0:10:05]} c6 {[%clk 0:10:05]} 4. e4
{[%clk 0:10:00]} dxe4 {[%clk 0:10:06]} 5. Nxe4 {[%clk 0:10:01]} Bb4+
{[%clk 0:10:07]} 6. Bd2 {[%clk 0:10:02]} Qxd4 {[%clk 0:10:08]} 7. Bxb4
{[%clk 0:10:02]} Qxe4+ {[%clk 0:10:08]} 8. Be2 {[%clk 0:09:59]} Na6
{[%clk 0:10:04]} 9. Bd6 {[%clk 0:09:46]} Ne7 {[%clk 0:09:37]} 10. Nf3
{[%clk 0:09:22]} Nf5 {[%clk 0:09:38]} 11. O-O {[%clk 0:09:00]} f6
{[%clk 0:08:12]} 12. Bd3 {[%clk 0:08:20]} Qg4 {[%clk 0:08:12]} 13. h3
{[%clk 0:08:06]} Qh5 {[%clk 0:07:29]} 14. g4 {[%clk 0:07:24]} Qg6
{[%clk 0:07:30]} 15. Bxf5 {[%clk 0:07:09]} exf5 {[%clk 0:07:29]} 16. Qe2+
{[%clk 0:07:06]} 1-0

[Event "msr26ss"]
[Site "?"]
[Date "2026.03.26"]
[Round "7.10"]
[White "Sekova, Olivia"]
[Black "Moravcik, Alex"]
[Result "1-0"]
[BlackElo "1855"]
[WhiteElo "2058"]
[LiveChessVersion "1.4.8"]

1. e4 {[%clk 0:10:03]} c5 {[%clk 0:10:03]} 2. Nf3 {[%clk 0:10:04]} e6
{[%clk 0:10:04]} 3. d4 {[%clk 0:10:05]} cxd4 {[%clk 0:10:04]} 4. Nxd4
{[%clk 0:10:06]} Nf6 {[%clk 0:10:05]} 5. Nc3 {[%clk 0:10:07]} d6 {[%clk 0:10:06]}
6. g4 {[%clk 0:10:05]} Nc6 {[%clk 0:10:02]} 7. g5 {[%clk 0:09:56]} Nd7
{[%clk 0:09:15]} 8. Be3 {[%clk 0:09:48]} a6 {[%clk 0:09:08]} 9. f4
{[%clk 0:09:41]} Be7 {[%clk 0:09:04]} 10. Qf3 {[%clk 0:09:37]} O-O
{[%clk 0:08:44]} 11. O-O-O {[%clk 0:09:34]} Qc7 {[%clk 0:08:22]} 12. h4
{[%clk 0:09:33]} g6 {[%clk 0:06:54]} 13. h5 {[%clk 0:09:32]} Nc5 {[%clk 0:06:05]}
14. f5 {[%clk 0:09:20]} exf5 {[%clk 0:05:43]} 15. Nd5 {[%clk 0:09:10]} fxe4
{[%clk 0:05:15]} 16. Nxc7 {[%clk 0:08:33]} exf3 {[%clk 0:05:16]} 17. Nxa8
{[%clk 0:08:34]} Bg4 {[%clk 0:04:27]} 18. Nc7 {[%clk 0:08:25]} f2
{[%clk 0:04:25]} 19. Be2 {[%clk 0:08:21]} Bxe2 {[%clk 0:03:58]} 20. Nxe2
{[%clk 0:08:21]} Ne4 {[%clk 0:03:51]} 21. Nd5 {[%clk 0:08:20]} Bd8
{[%clk 0:03:50]} 22. Rhf1 {[%clk 0:08:07]} Ne5 {[%clk 0:03:43]} 23. Rd4
{[%clk 0:07:59]} Nxg5 {[%clk 0:03:15]} 24. Rxf2 {[%clk 0:07:52]} Ne6
{[%clk 0:03:07]} 25. Rb4 {[%clk 0:07:43]} b5 {[%clk 0:03:02]} 26. Nf6+
{[%clk 0:07:43]} Kg7 {[%clk 0:02:57]} 27. h6+ {[%clk 0:07:42]} Kh8
{[%clk 0:02:53]} 28. Ng3 Nc4 {[%clk 0:02:42]} 29. Bd2 {[%clk 0:07:10]} Nxd2
{[%clk 0:02:17]} 30. Kxd2 {[%clk 0:07:03]} Ba5 {[%clk 0:02:17]} 31. Nd5
{[%clk 0:07:04]} Nc5 {[%clk 0:01:55]} 32. c3 {[%clk 0:06:58]} Bxb4
{[%clk 0:01:51]} 33. cxb4 {[%clk 0:06:53]} Ne6 {[%clk 0:01:49]} 34. Ne4
{[%clk 0:06:47]} f5 {[%clk 0:01:46]} 35. Nxd6 {[%clk 0:06:45]} Ng5
{[%clk 0:01:26]} 36. Re2 {[%clk 0:06:41]} Rd8 {[%clk 0:01:24]} 37. Re8+
{[%clk 0:06:42]} Rxe8 {[%clk 0:01:23]} 38. Nxe8 {[%clk 0:06:43]} Kg8
{[%clk 0:01:23]} 39. Nec7 {[%clk 0:06:36]} Kf7 {[%clk 0:01:18]} 40. Nxa6
{[%clk 0:06:36]} Ke6 {[%clk 0:01:20]} 41. Ndc7+ {[%clk 0:06:37]} Kd7
{[%clk 0:01:15]} 42. Nxb5 {[%clk 0:06:37]} Kc6 {[%clk 0:01:16]} 43. Nd4+
{[%clk 0:06:36]} Kb6 {[%clk 0:01:15]} 44. b5 {[%clk 0:06:37]} Ne4+
{[%clk 0:01:12]} 45. Ke3 {[%clk 0:06:37]} Nd6 {[%clk 0:01:07]} 46. b3
{[%clk 0:06:32]} g5 {[%clk 0:01:02]} 47. a4 {[%clk 0:06:29]} f4+ {[%clk 0:01:00]}
48. Kf3 {[%clk 0:06:30]} Nf7 {[%clk 0:00:57]} 49. Nf5 {[%clk 0:06:29]} Ne5+
{[%clk 0:00:58]} 50. Kf2 {[%clk 0:06:27]} Nd3+ {[%clk 0:00:53]} 51. Kg2
{[%clk 0:06:25]} Nc1 {[%clk 0:00:49]} 52. b4 {[%clk 0:06:22]} Nd3
{[%clk 0:00:49]} 53. Nd4 {[%clk 0:06:22]} Nxb4 {[%clk 0:00:46]} 54. Nxb4
{[%clk 0:06:20]} 1-0